Pedagogía al filo del milenio: un ámbito para discutir ideas y proyectos educacionales.
Gardado en:
| Autor Principal: | |
|---|---|
| Formato: | Libro |
| Idioma: | Lingua castelá |
| Publicado: |
Valparaíso, Chile
Universidad Católica de Valparaíso
1998
|
| Edición: | Primera edición |
| Subjects: | |
| Tags: |
Engadir etiqueta
Sen Etiquetas, Sexa o primeiro en etiquetar este rexistro!
|
MARC
| LEADER | 00000nam a2200000 a 4500 | ||
|---|---|---|---|
| 001 | UCN3525 | ||
| 003 | CL-VaPUC | ||
| 005 | 20240917113309.0 | ||
| 008 | 010629e19980000CL |||||||||||||||||spa|d | ||
| 999 | |c 296373 |d 296371 | ||
| 040 | |c Pontificia Universidad Católica de Valparaíso | ||
| 082 | 0 | 4 | |a 370.1 VAL 1998 |2 21 |
| 100 | 0 | |a Valenzuela Fuenzalida, Alvaro |e autor |9 460081 | |
| 245 | 1 | 0 | |a Pedagogía al filo del milenio: un ámbito para discutir ideas y proyectos educacionales. |
| 250 | |a Primera edición | ||
| 260 | 0 | 3 | |a Valparaíso, Chile |b Universidad Católica de Valparaíso |c 1998 |
| 300 | |a 297 páginas | ||
| 583 | |a last modification |c 20120606 06:41:24 |k Rodrigo Vera | ||
| 650 | 0 | |a Filosofía de la educación |9 258384 | |
| 650 | 7 | |a ETICA PROFESIONAL DEL DOCENTE |2 CL-VaPUC |9 460082 | |
| 650 | 0 | |a Planificación del currículo |9 269599 | |
| 650 | 0 | |a Sistemas educacionales |9 324695 | |
| 650 | 0 | |a Académicos |x Pontificia Universidad Católica de Valparaíso (PUCV) |9 255553 | |
| 650 | 0 | |a Archivo histórico PUCV |9 255554 | |
| 942 | |c BK |2 ddc | ||
| 945 | |d 20010629 00:00:00 |a cmena | ||
| 952 | |0 0 |1 0 |2 ddc |4 0 |6 370_100000000000000_VAL_1998 |7 0 |8 A |9 350106 |a BIBEDU |b BIBEDU |d 2019-11-20 |i 3704416 |o 370.1 VAL 1998 |p 3704416 |r 2019-11-20 |t 3 |w 2019-11-20 |y BK |k BME | ||
| 952 | |0 0 |1 0 |2 ddc |4 0 |6 370_100000000000000_VAL_1998 |7 0 |8 A |9 350107 |a BIBEDU |b BIBEDU |d 2019-11-20 |i 3704408 |o 370.1 VAL 1998 |p 3704408 |r 2019-11-20 |t 2 |w 2019-11-20 |y BK |k BME | ||
| 952 | |0 0 |1 0 |2 ddc |4 0 |6 370_100000000000000_VAL_1998 |7 0 |8 A |9 350108 |a BIBEDU |b BIBEDU |d 2019-11-20 |i 422471K |o 370.1 VAL 1998 |p 422471K |r 2019-11-20 |t 4 |w 2019-11-20 |y BK |k EDU | ||
| 952 | |0 0 |1 0 |2 ddc |4 0 |6 370_100000000000000_VAL_1998 |7 0 |8 X |9 350109 |a FDOBUD |b FDOBUD |d 2019-11-20 |i 1071750 |o 370.1 VAL 1998 |p 1071750 |r 2019-11-20 |t 1 |w 2019-11-20 |y BK_X |k FHP | ||